• 首页
  • 本馆介绍
  • 公告通知
  • 最新文献
  • 馆藏检索
  • 电子资源
  • 读者导购
  • 参考咨询
  • 我的图书馆
  • 登录
  • 详细信息显示
  • 放入我的书架
  • 预约/预借图书
  • 作者相关作品
  • 分类相关作品
  • 丛书相关作品
  • 出版社相关作品

书目信息

  • 表格格式
  • 工作单格式
  • 卡片格式
题名:
鲁迅生平史料汇编
    
 
作者: 薛绥之 主编
分册: 第四册  
出版信息: 天津   天津人民出版社  1981-1983
页数: 493页
开本: 21cm
丛书名:
单 册:
中图分类: I210.94
科图分类:
主题词:
电子资源:
ISBN:
000 00654nam0 2200229 45
001 0181009731
005 20050411141944.1
010    @dCNY2.19
091    @a11072.119
100    @a19950509d1981 em y0chiy0121 ea
101 0  @achi
102    @aCN@b120000
105    @ac z 000yd
200 10 @a鲁迅生平史料汇编@ALu Xun Sheng Ping Shi Liao Hui Bian@h第四册@f薛绥之主编@FXue Sui Zhi Zhu Bian
210    @a天津@c天津人民出版社@d1981-1983
215    @a493页@c照片@d21cm
600  0 @a鲁迅@x生平事迹
690    @aI210.94@v3
701  0 @a薛绥之@4主编
801  0 @aCN@b上海图书馆@c20040413
801  2 @aCN@bNLC@c20040413
905    @dI210.94@e133@b175910@f1
    
    鲁迅生平史料汇编.第四册/薛绥之主编.-天津:天津人民出版社,1981-1983
    493页:照片;21cm
    
    
    ISBN :CNY2.19
    
●
相关链接 在E读中查询图书 在五车中查询图书 在当当中查询图书 在豆瓣中查询图书


正题名:鲁迅生平史料汇编     索取号:I210.94/133         预约/预借

序号 登录号 条形码 馆藏地/架位号 状态 备注
1 0175910   002021387   第二借阅区/ [索取号:I210.94/133] 在馆    
2 0175911   001405018   第二借阅区/ [索取号:I210.94/133] 在馆    
3 0175912   001405009   第一样本阅览室/ [索取号:I210.94/133] 在馆    
唐山师范学院图书馆 欢迎您!
大连网信软件有限公司© 版权所有